Answers beginning wih P - Statistics

General Stats
  • This quiz has been taken 537 times
  • The average score is 16 of 20
Answer Stats
Clue Answer % Correct
Capital of France Paris
97%
Flies a plane Pilot
97%
Meat from a pig Pork
95%
What you give or receive on Christmas or a your Birthday Present
94%
The Capital of this Country is Lima Peru
93%
Country next to Germany Poland
93%
Where women keep their money Purse
92%
Talking Bird Parrot
90%
A not so permanent writing tool Pencil
88%
A bird found in cold climates Penguin
85%
A drawing of someone Portrait
84%
Worn on the legs Pants
83%
Take with a Camera Photo
83%
About to give birth Pregnant
74%
Made from Trees Paper
73%
Famous Soccer Player Pélé
73%
Villain of the Sea Pirate
62%
American Football team, Carolina... Panthers
55%
Sleep on Pillow
54%
Something that money can't buy Priceless
10%
No matching quizzes found
Score Distribution
Percent of People with Each Score
Percentile by Number Answered
Your Score History
You have not taken this quiz